Musang yang licik dengan ayam betina katik

Bibliographic Details
Format: Book
Published: Kuala Lumpur : Kohwai & Young Publications , 2002
Series:Siri bacaan mudah dan ringan
Subjects:

MARC

LEADER 00000cam a2200000 7i4500
001 0000000460
005 20220105103910.0
008 070702
020 |a 983148746X 
090 0 0 |a JP   |b MAL (757) 
245 1 0 |a Musang yang licik dengan ayam betina katik 
260 |a Kuala Lumpur :   |b Kohwai & Young Publications ,   |c 2002 
440 |a Siri bacaan mudah dan ringan 
500 |a Children age 4-6 years old (yellow) 
650 0 |a Junior preschool   |x Malay   |x Languages 
999 |a 0000000926   |b Book   |c Children Collection   |e Cawangan Taman Universiti 
999 |a 0000000927   |b Book   |c Children Collection   |e Cawangan Taman Universiti 
999 |a 0000955592   |b Book   |c Children Collection   |e Perbadanan Perpustakaan Awam Johor 
999 |a 0000955593   |b Book   |c Children Collection   |e Perbadanan Perpustakaan Awam Johor 
999 |a 0000955594   |b Book   |c Children Collection   |e Perbadanan Perpustakaan Awam Johor 
999 |a 0000955595   |b Book   |c Children Collection   |e Perbadanan Perpustakaan Awam Johor 
999 |a 0000955596   |b Book   |c Children Collection   |e Perbadanan Perpustakaan Awam Johor